|
|
|
|
| LEADER |
00000cam a2200000 7i4500 |
| 001 |
0000008645 |
| 005 |
20070822093000.0 |
| 008 |
021119s1972 |
| 020 |
|
|
|a 0135938066
|
| 090 |
0 |
0 |
|a PE1128
|b .F72
|
| 100 |
0 |
|
|a Frank, Marcella ,
|e author
|
| 245 |
0 |
0 |
|a Modern English :
|b exercises for non-native speakers
|c Marcella Frank
|
| 260 |
2 |
|
|a Englewood Cliffs, NJ :
|b Prentice Hall ,
|c c1972
|
| 300 |
|
|
|a 208 p. ; ;
|c 28 cm.
|
| 500 |
|
|
|a Part I : past of speech
|
| 650 |
|
0 |
|a English language
|v Textbooks for foreign speakers
|
| 650 |
|
0 |
|a English language
|x Grammar
|
| 999 |
|
|
|a 1000064567
|b Book
|c OPEN SHELF (30 DAYS)
|e Gong Badak Campus
|